000 00468nam a22001937a 4500
003 MPLRDC
005 20220104193940.0
008 210129b ||||| |||| 00| 0 eng d
020 _a978-967-0565-05-7
082 _a868.71 LJM
100 _a林健明 (MIKE LIM)
245 _a美食成瘾
_c
250 _a初版
260 _a马来西亚
_b漫延书房
_c2013
300 _b119
490 _a漫延文丛
650 _a马华文学
942 _cBK
_o868.71 LJM
999 _c65445
_d65435